000 00562nam a2200193 i 4500
001 61910
003 ES-MaACL
005 20260322063013.0
007 t|
008 031114s1931 xxk ||||1| eng d
100 1 _aFaulkner, William,
_d1897-1962
_9242365
245 1 4 _aThe Sound and the Fury /
_cWilliam Faulkner with an introduction by Richard Hughes.
260 _aLondon :
_bChatto Windus,
_c1931.
300 _a321 p. ;
_c20 cm.
700 1 _aHughes, Richard.
_964616
852 _aES-MaACL
_jA-3570
942 _2udc
999 _c61910
_d61910